Pantulong sa kontekstwalisadong komunikasyon sa kalakarang new normal : (Record no. 88467)

MARC details
000 -LEADER
fixed length control field 00800nam a22002177a 4500
003 - CONTROL NUMBER IDENTIFIER
control field URS
005 - DATE AND TIME OF LATEST TRANSACTION
control field 20251023093541.0
020 ## - INTERNATIONAL STANDARD BOOK NUMBER
International Standard Book Number 978-621-409-317-5
040 ## - CATALOGING SOURCE
Language of cataloging Tagalog
Transcribing agency URS
Description conventions rda
050 ## - LIBRARY OF CONGRESS CALL NUMBER
Classification number PL6054
Item number .M842 2025
100 ## - MAIN ENTRY--PERSONAL NAME
Personal name Mortera, Melvin Orio,
Relator term author.
245 ## - TITLE STATEMENT
Title Pantulong sa kontekstwalisadong komunikasyon sa kalakarang new normal :
Remainder of title (kursong Filipino sa kolehiyo sa pangkalahatang edukasyon) /
Statement of responsibility, etc Melvin Orio Mortera.
264 ## - PUBLICATION, DISTRIBUTION, ETC. (IMPRINT)
Place of publication, distribution, etc Mandaluyong City :
Name of publisher, distributor, etc Books Atbp., Publishing Corporation,
Date of publication, distribution, etc ©2025
300 ## - PHYSICAL DESCRIPTION
Extent xv, 155 pages ;
Dimensions 23 cm.
336 ## - CONTENT TYPE
Source rdacontent
Content type term text
Content type code txt
337 ## - MEDIA TYPE
Source rdamedia
Media type term unmediated
Media type code n
338 ## - CARRIER TYPE
Source rdacarrier
Carrier type term volume
Carrier type code nc
504 ## - BIBLIOGRAPHY, ETC. NOTE
Bibliography, etc Includes bibliographical references.
650 #0 - SUBJECT ADDED ENTRY--TOPICAL TERM
Topical term or geographic name as entry element Filipino language
General subdivision Study and teaching (Higher).
942 ## - ADDED ENTRY ELEMENTS (KOHA)
Source of classification or shelving scheme Library of Congress Classification
Koha item type Filipiniana
Holdings
Withdrawn status Lost status Source of classification or shelving scheme Damaged status Not for loan Collection code Home library Current library Shelving location Date acquired Source of acquisition Total Checkouts Full call number Barcode Date last seen Copy number Koha item type Price effective from
    Library of Congress Classification     Non-fiction Cainta College Library Cainta College Library Filipiniana Section 02/12/2026 Purchased   PL 6054 .M842 2025 URSCAI-4942 02/12/2026   Filipiniana 02/12/2026
    Library of Congress Classification     Non-fiction Cainta College Library Cainta College Library Filipiniana Section 02/12/2026 Purchased   PL 6054 .M842 2025 URSCAI-4943 02/12/2026   Filipiniana 02/12/2026
    Library of Congress Classification     Non-fiction Taytay College Library Taytay College Library Filipiniana Section 10/21/2025 Purchased   PL6054 .M842 2025 URSTAY-5911 10/23/2025 1 Filipiniana  
    Library of Congress Classification     Non-fiction Taytay College Library Taytay College Library Filipiniana Section 10/21/2025 Purchased   PL6054 .M842 2025 URSTAY-5912 10/23/2025 2 Filipiniana  
    Library of Congress Classification     Non-fiction Taytay College Library Taytay College Library Filipiniana Section 10/21/2025 Purchased   PL6054 .M842 2025 URSTAY-5913 10/23/2025 3 Filipiniana  

University of Rizal System
Email us at univlibservices@urs.edu.ph

Visit our Website www.urs.edu.ph/library